77 χιλιάδες χρόνια θύτες και θύματα οι άνθρωποι : μνήμες στα 70 χρόνια από το 1922 : ιστορικά διηγήματα (προσφυγικά, λεσβιακά, και άλλα)
Saved in:
| Main Author: | |
|---|---|
| Format: | Book |
| Language: | Greek |
| Published: |
Αθήνα :
1992
|
| Subjects: | |
| Tags: |
Add Tag
No Tags, Be the first to tag this record!
|
MARC
| LEADER | 00000nam a2200000 i 4500 | ||
|---|---|---|---|
| 001 | 1/100517 | ||
| 008 | 950418s1992 gre d | ||
| 035 | |l 10011728 | ||
| 040 | |a GR-MY-UA |b gre |e aacr | ||
| 041 | 0 | |a gre | |
| 082 | 0 | |a 889.34 | |
| 100 | 1 | |a Κλήμης, Αριστείδης Ν., |d 1915- | |
| 245 | 1 | 0 | |a 77 χιλιάδες χρόνια θύτες και θύματα οι άνθρωποι : |b μνήμες στα 70 χρόνια από το 1922 : ιστορικά διηγήματα (προσφυγικά, λεσβιακά, και άλλα) / |c Αριστ. Ν. Κλήμη |
| 260 | |a Αθήνα : |c 1992 | ||
| 300 | |a 144 σ | ||
| 650 | 0 | 0 | |a Short stories, Greek (Modern) |
| 650 | 0 | 0 | |a Greek literature, Modern. |
| 852 | |a INST |b LESVOS |e 19950418 |h 889.34 ΚΛΗ |p 005100001479 |q 005100001479 |t BK |y 0 | ||
| 909 | |a Λ |b 024967 | ||
| 922 | |a 1ΔΩΡ |b 199301 | ||